=LDR 00000nam 2200000 4500 =001 INLIS000000000042404 =005 20131008015207 =008 ***********************************ind** =035 ##$$0010-101300000000326 =041 ##$$a ind =082 ##$$a 618.1 =090 ##$$a 618.1, Pri d =100 ##$$a Pribakti B =245 ##$$a Dasar-dasar uraginekologi, Pribakti B =260 ##$$a 2011 $b Jakarta =300 ##$$a V,238 hlm, Ilus, 23 cm =650 ##$$a GINEKOLOGI =850 ##$$a NBPNMAT